<?xml version="1.0" encoding="UTF-8"?>
<record
    xmlns:xsi="http://www.w3.org/2001/XMLSchema-instance"
    xsi:schemaLocation="http://www.loc.gov/MARC21/slim http://www.loc.gov/standards/marcxml/schema/MARC21slim.xsd"
    xmlns="http://www.loc.gov/MARC21/slim">

  <leader>00867nam a22002177a 4500</leader>
  <controlfield tag="005">20260515114031.0</controlfield>
  <datafield tag="010" ind1=" " ind2=" ">
    <subfield code="a">B-747318-330  ENG-148507                      E.N.A./7.11.22</subfield>
  </datafield>
  <datafield tag="020" ind1=" " ind2=" ">
    <subfield code="a">9789351381396</subfield>
    <subfield code="c">339.00</subfield>
  </datafield>
  <datafield tag="035" ind1=" " ind2=" ">
    <subfield code="a">B-747318-330      </subfield>
  </datafield>
  <datafield tag="035" ind1=" " ind2=" ">
    <subfield code="a">EN-132039</subfield>
  </datafield>
  <datafield tag="037" ind1=" " ind2=" ">
    <subfield code="b">Laxmi Publication</subfield>
  </datafield>
  <datafield tag="037" ind1=" " ind2=" ">
    <subfield code="b">DBAD</subfield>
  </datafield>
  <datafield tag="082" ind1=" " ind2=" ">
    <subfield code="2">1</subfield>
    <subfield code="a">485</subfield>
  </datafield>
  <datafield tag="100" ind1=" " ind2=" ">
    <subfield code="a">Krishnaswamy, N.</subfield>
    <subfield code="9">89110</subfield>
  </datafield>
  <datafield tag="245" ind1=" " ind2=" ">
    <subfield code="a">Modern English:</subfield>
    <subfield code="b">A Book of Grammer , Usage and Composition/</subfield>
    <subfield code="c">N. Krishnaswamy</subfield>
  </datafield>
  <datafield tag="260" ind1=" " ind2=" ">
    <subfield code="a">New Delhi</subfield>
    <subfield code="b">Trinity Press</subfield>
    <subfield code="c">2021</subfield>
  </datafield>
  <datafield tag="270" ind1=" " ind2=" ">
    <subfield code="a">113, GOLDEN HOUSE GURUDWARA ROAD DARYAGANJ</subfield>
    <subfield code="b">NEW DELHI</subfield>
    <subfield code="e">110002</subfield>
  </datafield>
  <datafield tag="300" ind1=" " ind2=" ">
    <subfield code="a">497p.</subfield>
    <subfield code="c">22cm(pbk)</subfield>
  </datafield>
  <datafield tag="942" ind1=" " ind2=" ">
    <subfield code="2">ddc</subfield>
    <subfield code="c">EN</subfield>
    <subfield code="m">KRI</subfield>
    <subfield code="h">485</subfield>
  </datafield>
  <datafield tag="999" ind1=" " ind2=" ">
    <subfield code="c">194021</subfield>
    <subfield code="d">194021</subfield>
  </datafield>
  <datafield tag="952" ind1=" " ind2=" ">
    <subfield code="0">0</subfield>
    <subfield code="1">0</subfield>
    <subfield code="4">0</subfield>
    <subfield code="7">0</subfield>
    <subfield code="8">NFIC</subfield>
    <subfield code="a">L</subfield>
    <subfield code="b">L</subfield>
    <subfield code="d">2023-05-08</subfield>
    <subfield code="e">Laxmi Publications/3074/30.11.22/174/23.11.22/2.12.22</subfield>
    <subfield code="g">339.00</subfield>
    <subfield code="l">3</subfield>
    <subfield code="m">1</subfield>
    <subfield code="o">485 KRI</subfield>
    <subfield code="p">B-747318</subfield>
    <subfield code="r">2024-08-05 00:00:00</subfield>
    <subfield code="s">2024-07-23</subfield>
    <subfield code="t">1</subfield>
    <subfield code="v">339.00</subfield>
    <subfield code="w">2023-05-08</subfield>
    <subfield code="y">EN</subfield>
  </datafield>
  <datafield tag="952" ind1=" " ind2=" ">
    <subfield code="0">0</subfield>
    <subfield code="1">0</subfield>
    <subfield code="4">0</subfield>
    <subfield code="7">0</subfield>
    <subfield code="8">NFIC</subfield>
    <subfield code="a">AV</subfield>
    <subfield code="b">BL4</subfield>
    <subfield code="d">2023-05-08</subfield>
    <subfield code="e">Laxmi Publications/3074/30.11.22/174/23.11.22/2.12.22</subfield>
    <subfield code="g">339.00</subfield>
    <subfield code="l">1</subfield>
    <subfield code="o">485 KRI</subfield>
    <subfield code="p">B-747319</subfield>
    <subfield code="q">2024-03-20</subfield>
    <subfield code="r">2024-03-06 00:00:00</subfield>
    <subfield code="s">2024-03-06</subfield>
    <subfield code="t">1</subfield>
    <subfield code="v">339.00</subfield>
    <subfield code="y">EN</subfield>
  </datafield>
  <datafield tag="952" ind1=" " ind2=" ">
    <subfield code="0">0</subfield>
    <subfield code="1">0</subfield>
    <subfield code="4">0</subfield>
    <subfield code="7">0</subfield>
    <subfield code="8">NFIC</subfield>
    <subfield code="a">BL1</subfield>
    <subfield code="b">BL1</subfield>
    <subfield code="d">2023-05-08</subfield>
    <subfield code="e">Laxmi Publications/3074/30.11.22/174/23.11.22/2.12.22</subfield>
    <subfield code="g">339.00</subfield>
    <subfield code="l">7</subfield>
    <subfield code="m">4</subfield>
    <subfield code="o">485 KRI</subfield>
    <subfield code="p">B-747320</subfield>
    <subfield code="r">2025-04-25 00:00:00</subfield>
    <subfield code="s">2025-03-29</subfield>
    <subfield code="t">1</subfield>
    <subfield code="v">339.00</subfield>
    <subfield code="y">EN</subfield>
  </datafield>
  <datafield tag="952" ind1=" " ind2=" ">
    <subfield code="0">0</subfield>
    <subfield code="1">0</subfield>
    <subfield code="4">0</subfield>
    <subfield code="7">0</subfield>
    <subfield code="8">NFIC</subfield>
    <subfield code="a">KGM</subfield>
    <subfield code="b">KGM</subfield>
    <subfield code="d">2023-05-08</subfield>
    <subfield code="e">Laxmi Publications/3074/30.11.22/174/23.11.22/2.12.22</subfield>
    <subfield code="g">339.00</subfield>
    <subfield code="l">1</subfield>
    <subfield code="m">1</subfield>
    <subfield code="o">485 KRI</subfield>
    <subfield code="p">B-747321</subfield>
    <subfield code="r">2023-11-06 00:00:00</subfield>
    <subfield code="s">2023-10-11</subfield>
    <subfield code="t">1</subfield>
    <subfield code="v">339.00</subfield>
    <subfield code="y">EN</subfield>
  </datafield>
  <datafield tag="952" ind1=" " ind2=" ">
    <subfield code="0">0</subfield>
    <subfield code="1">0</subfield>
    <subfield code="4">0</subfield>
    <subfield code="7">0</subfield>
    <subfield code="8">NFIC</subfield>
    <subfield code="a">DIZ</subfield>
    <subfield code="b">DIZ</subfield>
    <subfield code="d">2023-05-08</subfield>
    <subfield code="e">Laxmi Publications/3074/30.11.22/174/23.11.22/2.12.22</subfield>
    <subfield code="g">339.00</subfield>
    <subfield code="l">2</subfield>
    <subfield code="m">2</subfield>
    <subfield code="o">485 KRI</subfield>
    <subfield code="p">B-747322</subfield>
    <subfield code="r">2024-11-01 00:00:00</subfield>
    <subfield code="s">2024-10-16</subfield>
    <subfield code="t">1</subfield>
    <subfield code="v">339.00</subfield>
    <subfield code="y">EN</subfield>
  </datafield>
  <datafield tag="952" ind1=" " ind2=" ">
    <subfield code="0">0</subfield>
    <subfield code="1">0</subfield>
    <subfield code="4">0</subfield>
    <subfield code="7">0</subfield>
    <subfield code="8">NFIC</subfield>
    <subfield code="a">ZLS</subfield>
    <subfield code="b">ZLS</subfield>
    <subfield code="d">2023-05-08</subfield>
    <subfield code="e">Laxmi Publications/3074/30.11.22/174/23.11.22/2.12.22</subfield>
    <subfield code="g">339.00</subfield>
    <subfield code="l">3</subfield>
    <subfield code="m">3</subfield>
    <subfield code="o">485 KRI</subfield>
    <subfield code="p">B-747323</subfield>
    <subfield code="r">2026-04-22 15:51:07</subfield>
    <subfield code="s">2026-03-16</subfield>
    <subfield code="t">1</subfield>
    <subfield code="v">339.00</subfield>
    <subfield code="y">EN</subfield>
  </datafield>
  <datafield tag="952" ind1=" " ind2=" ">
    <subfield code="0">0</subfield>
    <subfield code="1">0</subfield>
    <subfield code="4">0</subfield>
    <subfield code="7">0</subfield>
    <subfield code="8">NFIC</subfield>
    <subfield code="a">RKP</subfield>
    <subfield code="b">RKP</subfield>
    <subfield code="d">2023-05-08</subfield>
    <subfield code="e">Laxmi Publications/3074/30.11.22/174/23.11.22/2.12.22</subfield>
    <subfield code="g">339.00</subfield>
    <subfield code="l">1</subfield>
    <subfield code="o">485 KRI</subfield>
    <subfield code="p">B-747324</subfield>
    <subfield code="r">2026-06-20 16:15:19</subfield>
    <subfield code="s">2026-06-17</subfield>
    <subfield code="t">1</subfield>
    <subfield code="v">339.00</subfield>
    <subfield code="y">EN</subfield>
  </datafield>
  <datafield tag="952" ind1=" " ind2=" ">
    <subfield code="0">0</subfield>
    <subfield code="1">0</subfield>
    <subfield code="4">0</subfield>
    <subfield code="7">0</subfield>
    <subfield code="8">NFIC</subfield>
    <subfield code="a">BN</subfield>
    <subfield code="b">BN</subfield>
    <subfield code="d">2023-05-08</subfield>
    <subfield code="e">Laxmi Publications/3074/30.11.22/174/23.11.22/2.12.22</subfield>
    <subfield code="g">339.00</subfield>
    <subfield code="l">3</subfield>
    <subfield code="m">3</subfield>
    <subfield code="o">485 KRI</subfield>
    <subfield code="p">B-747325</subfield>
    <subfield code="r">2025-04-04 00:00:00</subfield>
    <subfield code="s">2025-03-28</subfield>
    <subfield code="t">1</subfield>
    <subfield code="v">339.00</subfield>
    <subfield code="y">EN</subfield>
  </datafield>
  <datafield tag="952" ind1=" " ind2=" ">
    <subfield code="0">0</subfield>
    <subfield code="1">0</subfield>
    <subfield code="4">0</subfield>
    <subfield code="7">0</subfield>
    <subfield code="8">NFIC</subfield>
    <subfield code="a">MP</subfield>
    <subfield code="b">MP</subfield>
    <subfield code="d">2023-05-08</subfield>
    <subfield code="e">Laxmi Publications/3074/30.11.22/174/23.11.22/2.12.22</subfield>
    <subfield code="g">339.00</subfield>
    <subfield code="l">0</subfield>
    <subfield code="o">485 KRI</subfield>
    <subfield code="p">B-747326</subfield>
    <subfield code="r">2023-05-08 00:00:00</subfield>
    <subfield code="t">1</subfield>
    <subfield code="v">339.00</subfield>
    <subfield code="y">EN</subfield>
  </datafield>
  <datafield tag="952" ind1=" " ind2=" ">
    <subfield code="0">0</subfield>
    <subfield code="1">0</subfield>
    <subfield code="4">0</subfield>
    <subfield code="7">0</subfield>
    <subfield code="8">NFIC</subfield>
    <subfield code="a">BL4</subfield>
    <subfield code="b">BL4</subfield>
    <subfield code="d">2023-05-08</subfield>
    <subfield code="e">Laxmi Publications/3074/30.11.22/174/23.11.22/2.12.22</subfield>
    <subfield code="g">339.00</subfield>
    <subfield code="l">7</subfield>
    <subfield code="m">4</subfield>
    <subfield code="o">485 KRI</subfield>
    <subfield code="p">B-747327</subfield>
    <subfield code="r">2026-03-16 00:00:00</subfield>
    <subfield code="s">2026-02-14</subfield>
    <subfield code="t">1</subfield>
    <subfield code="v">339.00</subfield>
    <subfield code="y">EN</subfield>
  </datafield>
  <datafield tag="952" ind1=" " ind2=" ">
    <subfield code="0">0</subfield>
    <subfield code="1">0</subfield>
    <subfield code="4">0</subfield>
    <subfield code="7">0</subfield>
    <subfield code="8">NFIC</subfield>
    <subfield code="a">YV</subfield>
    <subfield code="b">YV</subfield>
    <subfield code="d">2023-05-08</subfield>
    <subfield code="e">Laxmi Publications/3074/30.11.22/174/23.11.22/2.12.22</subfield>
    <subfield code="g">339.00</subfield>
    <subfield code="l">1</subfield>
    <subfield code="m">2</subfield>
    <subfield code="o">485 KRI</subfield>
    <subfield code="p">B-747328</subfield>
    <subfield code="r">2023-09-15 00:00:00</subfield>
    <subfield code="s">2023-08-04</subfield>
    <subfield code="t">1</subfield>
    <subfield code="v">339.00</subfield>
    <subfield code="y">EN</subfield>
  </datafield>
  <datafield tag="952" ind1=" " ind2=" ">
    <subfield code="0">0</subfield>
    <subfield code="1">0</subfield>
    <subfield code="4">0</subfield>
    <subfield code="7">0</subfield>
    <subfield code="8">NFIC</subfield>
    <subfield code="a">ZLSCLLR</subfield>
    <subfield code="b">ZLSCLLR</subfield>
    <subfield code="d">2023-05-08</subfield>
    <subfield code="e">Laxmi Publications/3074/30.11.22/174/23.11.22/2.12.22</subfield>
    <subfield code="g">339.00</subfield>
    <subfield code="l">2</subfield>
    <subfield code="o">485 KRI</subfield>
    <subfield code="p">B-747329</subfield>
    <subfield code="r">2024-11-16 00:00:00</subfield>
    <subfield code="s">2024-11-01</subfield>
    <subfield code="t">1</subfield>
    <subfield code="v">339.00</subfield>
    <subfield code="y">EN</subfield>
  </datafield>
  <datafield tag="952" ind1=" " ind2=" ">
    <subfield code="0">0</subfield>
    <subfield code="1">0</subfield>
    <subfield code="4">0</subfield>
    <subfield code="7">0</subfield>
    <subfield code="8">NFIC</subfield>
    <subfield code="a">RCZLSDP</subfield>
    <subfield code="b">RCZLSDP</subfield>
    <subfield code="d">2023-05-08</subfield>
    <subfield code="e">Laxmi Publications/3074/30.11.22/174/23.11.22/2.12.22</subfield>
    <subfield code="g">339.00</subfield>
    <subfield code="l">1</subfield>
    <subfield code="o">485 KRI</subfield>
    <subfield code="p">B-747330</subfield>
    <subfield code="r">2024-07-16 00:00:00</subfield>
    <subfield code="s">2024-07-01</subfield>
    <subfield code="t">1</subfield>
    <subfield code="v">339.00</subfield>
    <subfield code="y">EN</subfield>
  </datafield>
  <datafield tag="952" ind1=" " ind2=" ">
    <subfield code="0">0</subfield>
    <subfield code="1">0</subfield>
    <subfield code="4">0</subfield>
    <subfield code="7">0</subfield>
    <subfield code="8">NFIC</subfield>
    <subfield code="a">RKP</subfield>
    <subfield code="b">RKP</subfield>
    <subfield code="d">2026-05-15</subfield>
    <subfield code="e">Delivery of Books Act Division</subfield>
    <subfield code="g">339.00</subfield>
    <subfield code="l">0</subfield>
    <subfield code="o">KRI 485</subfield>
    <subfield code="p">EN-132039</subfield>
    <subfield code="r">2026-05-15 11:40:57</subfield>
    <subfield code="t"> 1</subfield>
    <subfield code="v">339.00</subfield>
    <subfield code="w">2026-05-15</subfield>
    <subfield code="y">EN</subfield>
  </datafield>
</record>
